Annual report /

Bibliographic Details
Uniform Title:Annual report (Water Research Commission)
Corporate Author: South Africa. Water Research Commission
Format: Serial
Language:English
Published: Pretoria : The Commission.
Subjects:

MARC

Tag First Indicator Second Indicator Subfields
LEADER 00000cas a2200000 a 4500
001 in00000077586
005 20151008053803.0
008 820217c19719999sa ar f0uuua0eng d
035 |a (OCoLC)08163199 
035 |9 AAH8635AM 
040 |a TXA  |c TXA  |d UtOrBLW 
043 |a f-sa--- 
049 |a TXAE 
090 |a TC401  |b .A56 
130 0 |a Annual report (Water Research Commission) 
245 1 0 |a Annual report /  |c Water Research Commission. 
264 1 |a Pretoria :  |b The Commission. 
300 |a  volumes :  |b illustrations ;  |c 30 cm. 
336 |a text  |b txt  |2 rdacontent 
337 |a unmediated  |b n  |2 rdamedia 
338 |a volume  |b nc  |2 rdacarrier 
362 1 |a Began in 1971. 
500 |a Description based on: 1978. 
650 0 |a Water resources development  |x Research  |z South Africa. 
710 1 |a South Africa.  |b Water Research Commission. 
999 |a MARS 
999 f f |s 7cb8aecc-d7f2-314c-98e8-b223d9305e94  |i de3403b7-6c66-3da8-a3c3-c0f09a250579  |t 0 
952 f f |p ric  |a Texas A&M University  |b Rellis Campus  |c Joint Library Facility  |d Remote Storage  |t 0  |e TC401 .A56  |h Library of Congress classification  |i unmediated -- volume  |k 1978  |m A14837984876 
998 f f |a TC401 .A56  |s 1978  |t 0  |l Remote Storage